[Event "Livorno op 7th"]
[Site "Livorno"]
[Date "2011.07.03"]
[Round "4"]
[White "Giuntoli, Matteo"]
[Black "Coqueraut, Jean Dominique"]
[Result "1-0"]
[WhiteElo "1938"]
[BlackElo "1833"]
[PlyCount "117"]
[EventDate "2011.07.01"]
[EventType "swiss"]
[EventRounds "5"]
[EventCountry "ITA"]
[SourceTitle "EXT 2014"]
[Source "ChessBase"]
[SourceDate "2013.11.20"]
[SourceVersion "1"]
[SourceVersionDate "2013.11.20"]
[SourceQuality "1"]

1. e4 d6 2. d4 Nf6 3. Nc3 g6 4. Nf3 Bg7 5. Be3 c6 6. h3 b5 7. Bd3 0-0 8. Qd2 b4 9. Nd1 a5 10. Bh6 Nbd7 11. Bxg7 Kxg7 12. Ne3 e5 13. Ng4 Ng8 14. dxe5 h5 15. e6 fxe6 16. Ne3 e5 17. Nc4 Nc5 18. Rd1 Be6 19. Qe3 Nxd3+ 20. Qxd3 Bxc4 21. Qxc4 Rxf3 22. gxf3 Qd7 23. Qd3 Rd8 24. Qa6 Qc7 25. Qc4 Re8 26. Ke2 Kf6 27. Rd2 Re6 28. Rhd1 Ke7 29. c3 c5 30. cxb4 axb4 31. a3 bxa3 32. bxa3 Nf6 33. Rg1 Nd7 34. Rb2 Nb8 35. Rgb1 Nd7 36. Qa6 c4 37. Rb7 Qc5 38. Rxd7+ Kf6 39. Qa7 Qd4 40. Qxd4 exd4 41. Rdb7 Kg5 42. R7b6 Kf4 43. R1b4 d3+ 44. Kd2 Kxf3 45. Rxc4 Kxf2 46. Rd4 g5 47. Rbxd6 Re8 48. a4 g4 49. hxg4 hxg4 50. Rf6+ Kg2 51. Rg6 Kf3 52. Rxd3+ Kf4 53. a5 Rxe4 54. a6 Ra4 55. Rd7 Ra2+ 56. Kc3 g3 57. Kb3 Ra1 58. a7 Kf3 59. Kb2 1-0

[Event "Livorno op 7th"]
[Site "Livorno"]
[Date "2011.07.03"]
[Round "5"]
[White "Giuntoli, Matteo"]
[Black "Efimov, Igor"]
[Result "0-1"]
[WhiteElo "1938"]
[BlackElo "2428"]
[PlyCount "58"]
[EventDate "2011.07.01"]
[EventType "swiss"]
[EventRounds "5"]
[EventCountry "ITA"]
[SourceTitle "EXT 2014"]
[Source "ChessBase"]
[SourceDate "2013.11.20"]
[SourceVersion "1"]
[SourceVersionDate "2013.11.20"]
[SourceQuality "1"]

1. e4 c5 2. c3 d6 3. d4 Nf6 4. Bd3 Nbd7 5. Nf3 Qc7 6. 0-0 e5 7. d5 g6 8. h3 Bg7 9. Be3 0-0 10. Nbd2 Nh5 11. Nh2 Nf4 12. Bxf4 exf4 13. Nhf3 h5 14. a4 Qd8 15. Nc4 Qf6 16. Re1 Re8 17. Qc2 g5 18. Nh2 Qh6 19. Qe2 Be5 20. Rac1 Nf6 21. b4 g4 22. hxg4 hxg4 23. Qd2 Kg7 24. g3 Rh8 25. f3 gxf3 26. Nxe5 dxe5 27. Nxf3 Qh1+ 28. Kf2 Rh2+ 29. Nxh2 Qxh2+ 0-1